Statistics for AFI's 10 Top 10: Courtroom Drama

Click here to take the quiz!

General Stats

  • This quiz has been taken 33 times
  • The average score is 5 of 10

Answer Stats

RankFilmYear% Correct
212 Angry Men1957
93%
5A Few Good Men1992
86%
1To Kill a Mockingbird1962
86%
3Kramer vs. Kramer1979
71%
6Witness for the Prosecution1957
50%
7Anatomy of a Murder1959
39%
10Judgment at Nuremberg1961
39%
4The Verdict1982
39%
9A Cry in the Dark1988
7%
8In Cold Blood1967
4%

Score Distribution

Percentile by Number Answered

Percent of People with Each Score

Your Score History

You have not taken this quiz